[Event "Ruhrgebiet Verbandsklasse Gruppe 2 1617"]
[Site "Germany"]
[Date "2016.11.27"]
[Round "4.6"]
[White "Jerig, Markus"]
[Black "Kreitling, Oliver"]
[Result "1-0"]
[WhiteElo "1689"]
[BlackElo "1805"]
[PlyCount "123"]
[EventDate "2016.09.04"]
[EventType "team-tourn"]
[EventRounds "9"]
[EventCountry "GER"]
[SourceTitle "EXT 2022"]
[Source "ChessBase"]
[SourceDate "2021.10.06"]
[SourceVersion "1"]
[SourceVersionDate "2021.10.06"]
[SourceQuality "1"]
[WhiteTeam "Osterfeld Schwarze Dame"]
[BlackTeam "Buer SF"]
[WhiteTeamCountry "GER"]
[BlackTeamCountry "GER"]

1. c4 e5 2. Nc3 Nf6 3. d3 Bb4 4. Bd2 Nc6 5. Nf3 0-0 6. g3 d5 7. cxd5 Nxd5 8. Nxd5 Qxd5 9. Bg2 Qb5 10. Bxb4 Nxb4 11. a3 Nc6 12. Qd2 Rd8 13. Qc3 Be6 14. 0-0 Bd5 15. a4 Qb4 16. Qxb4 Nxb4 17. Rfc1 c6 18. Nd2 f6 19. Bxd5+ Nxd5 20. Rc4 Kf7 21. Rac1 f5 22. Nf3 Kf6 23. b4 Nb6 24. Rh4 Nxa4 25. Rxh7 Rd5 26. Nh4 Rb5 27. Rc4 Nb6 28. Rc5 Rxb4 29. f4 Nd7 30. fxe5+ Nxe5 31. Rh5 g6 32. Rh7 b6 33. Rc1 c5 34. Rf1 Ke6 35. Rg7 Rg4 36. Ra1 a5 37. Ng2 Nf7 38. Nf4+ Kf6 39. Rh7 Ra6 40. Rb1 a4 41. Nd5+ Ke6 42. Nc7+ Kd6 43. Nxa6 Ne5 44. Rxb6+ Kd5 45. Rb5 f4 46. Rxc5+ Kd4 47. Kf2 Rg5 48. Rd7+ Nxd7 49. Rxg5 fxg3+ 50. hxg3 Kc3 51. Nc7 Kb3 52. Rxg6 a3 53. Ra6 a2 54. g4 Nc5 55. Rxa2 Kxa2 56. d4 Nd7 57. e4 Kb3 58. Ke3 Kc4 59. e5 Kc3 60. Ke4 Kc4 61. g5 Nf8 62. d5 1-0

[Event "Ruhrgebiet Verbandsklasse Gruppe 1 1516"]
[Site "Germany"]
[Date "2016.04.24"]
[Round "9.6"]
[White "Mittelbachert, Ulrich"]
[Black "Jerig, Markus"]
[Result "1/2-1/2"]
[WhiteElo "1860"]
[BlackElo "1689"]
[PlyCount "133"]
[EventDate "2015.09.06"]
[EventType "team-tourn"]
[EventRounds "9"]
[EventCountry "GER"]
[SourceTitle "EXT 2022"]
[Source "ChessBase"]
[SourceDate "2021.10.06"]
[SourceVersion "1"]
[SourceVersionDate "2021.10.06"]
[SourceQuality "1"]
[WhiteTeam "Sodingen/Castrop SK III"]
[BlackTeam "Osterfeld Schwarze Dame"]
[WhiteTeamCountry "GER"]
[BlackTeamCountry "GER"]

1. Nf3 d5 2. g3 Bf5 3. Bg2 Nc6 4. c4 e6 5. a3 Nf6 6. 0-0 Be7 7. cxd5 exd5 8. d3 0-0 9. h3 Bd6 10. Nh4 Qd7 11. Kh2 h6 12. Nc3 Ne7 13. e4 Bh7 14. Qe2 dxe4 15. dxe4 Nc6 16. Rd1 Rad8 17. Bf4 Qe7 18. Bxd6 Rxd6 19. Rxd6 cxd6 20. f4 Re8 21. Re1 g5 22. fxg5 hxg5 23. Nf5 Bxf5 24. exf5 Qd7 25. Qd2 Qxf5 26. Rxe8+ Nxe8 27. Nd5 Nf6 28. Ne3 Qc5 29. b4 Qd4 30. Qxd4 Nxd4 31. Bxb7 Nb5 32. a4 Nc3 33. Bc6 d5 34. a5 d4 35. Nc4 d3 36. Nd2 Kf8 37. b5 Nfd5 38. b6 axb6 39. a6 Nc7 40. a7 Ke7 41. Kg2 Kd6 42. a8Q Nxa8 43. Bxa8 b5 44. Ne4+ Nxe4 45. Bxe4 d2 46. Bc2 Ke5 47. Kf3 f5 48. Bd1 Kd4 49. Ke2 f4 50. gxf4 gxf4 51. Kxd2 Ke4 52. h4 Kf5 53. Kc3 Kg6 54. Kb4 Kh6 55. Kxb5 Kg6 56. Kc5 Kg7 57. Kd6 Kf6 58. Bf3 Kg6 59. Ke6 Kg7 60. Kf5 Kf7 61. Kxf4 Kf6 62. Bh5 Kg7 63. Kf5 Kh7 64. Kf6 Kh6 65. Be8 Kh7 66. Bg6+ Kh6 67. h5 1/2-1/2

[Event "Ruhrgebiet Verbandsklasse Gruppe 3 1415"]
[Site "Germany"]
[Date "2014.11.16"]
[Round "3.7"]
[White "Sharma, Rakesh"]
[Black "Jerig, Markus"]
[Result "1-0"]
[WhiteElo "1783"]
[BlackElo "1707"]
[PlyCount "88"]
[EventDate "2014.09.21"]
[EventType "team-tourn"]
[EventRounds "9"]
[EventCountry "GER"]
[SourceTitle "EXT 2022"]
[Source "ChessBase"]
[SourceDate "2021.10.06"]
[SourceVersion "1"]
[SourceVersionDate "2021.10.06"]
[SourceQuality "1"]
[WhiteTeam "Welper SV II"]
[BlackTeam "Osterfeld Schwarze Dame"]
[WhiteTeamCountry "GER"]
[BlackTeamCountry "GER"]

1. e4 e5 2. Nf3 Nc6 3. Bc4 Nf6 4. d4 exd4 5. 0-0 Nxe4 6. Re1 d5 7. Bxd5 Qxd5 8. Nc3 Qa5 9. Nxe4 Be6 10. Neg5 0-0-0 11. Nxe6 fxe6 12. Ng5 d3 13. Nxe6 d2 14. Bxd2 Rxd2 15. Qg4 Rd7 16. Nf4 Bd6 17. Rad1 Ne5 18. Qe6 Rhd8 19. Re4 Nf7 20. Red4 Qe5 21. Qc4 g5 22. Re4 Qc5 23. Qxc5 Bxc5 24. Rxd7 Rxd7 25. Nd3 Bd6 26. Kf1 Re7 27. Rd4 Ne5 28. Ne1 Kd7 29. h4 h6 30. hxg5 hxg5 31. c3 c5 32. Rd1 Kc6 33. Nc2 Ng4 34. b4 b6 35. b5+ Kc7 36. Rd5 Re5 37. Rd2 Kd7 38. g3 Ke6 39. Kg2 Nf6 40. Ne3 Nd5 41. Nc4 Re4 42. Nxd6 Kxd6 43. Kf3 Rc4 44. Rd1 g4+ 1-0

[Event "NRW Verbandsliga Group2 1314"]
[Site "Nordrheinwestfalen"]
[Date "2013.11.24"]
[Round "4"]
[White "Bense, Dirk"]
[Black "Jerig, Markus"]
[Result "1-0"]
[WhiteElo "1920"]
[BlackElo "1697"]
[PlyCount "81"]
[EventDate "2013.09.08"]
[EventType "team-tourn"]
[EventRounds "9"]
[EventCountry "GER"]
[SourceTitle "EXT 2020"]
[Source "ChessBase"]
[SourceDate "2019.10.17"]
[SourceVersion "1"]
[SourceVersionDate "2019.10.17"]
[SourceQuality "1"]
[WhiteTeam "Brackel SF II"]
[BlackTeam "Osterfeld Schwarze Dame"]
[WhiteTeamCountry "GER"]
[BlackTeamCountry "GER"]

1. e4 e5 2. Nf3 d6 3. d4 exd4 4. Nxd4 Bd7 5. c4 Nc6 6. Be3 Nf6 7. f3 Be7 8. Be2 0-0 9. Nc3 h6 10. Qd2 a6 11. 0-0 Re8 12. Rac1 Nh7 13. Nd5 Nxd4 14. Bxd4 Be6 15. Nxe7+ Qxe7 16. Bd3 Rad8 17. b3 Bc8 18. Rce1 Nf8 19. f4 Ne6 20. Bc3 Nc5 21. Bc2 b5 22. cxb5 axb5 23. Rf3 f6 24. b4 Na4 25. Ba1 c5 26. Qd3 c4 27. Qd5+ Qf7 28. Qxb5 Bd7 29. Qa5 Ra8 30. Qc7 Bg4 31. Qxf7+ Kxf7 32. Rfe3 Nb6 33. Bd4 Nd7 34. a4 Nf8 35. Rc3 Ne6 36. Be3 Rec8 37. f5 Ng5 38. Bxg5 hxg5 39. h3 d5 40. exd5 Bxf5 41. Bxf5 1-0

[Event "Ruhrgebiet VL1 0910"]
[Site "Germany"]
[Date "2009.10.04"]
[Round "2.8"]
[White "Jerig, Markus"]
[Black "Breuckmann, Walter"]
[Result "1/2-1/2"]
[WhiteElo "1700"]
[BlackElo "1616"]
[PlyCount "55"]
[EventDate "2009.09.06"]
[EventType "team-tourn"]
[EventRounds "9"]
[EventCountry "GER"]
[SourceTitle "EXT 2011"]
[Source "ChessBase"]
[SourceDate "2010.11.26"]
[SourceVersion "1"]
[SourceVersionDate "2010.11.26"]
[SourceQuality "1"]
[WhiteTeam "Osterfeld"]
[BlackTeam "Laeufer Ost"]
[WhiteTeamCountry "GER"]
[BlackTeamCountry "GER"]

1. c4 c6 2. Nc3 e6 3. Nf3 d5 4. cxd5 exd5 5. d4 Nf6 6. Bg5 Bd6 7. e3 h6 8. Bh4 Bf5 9. Bd3 Bxd3 10. Qxd3 Nbd7 11. Bxf6 Qxf6 12. 0-0 0-0 13. a3 Qe6 14. b4 a6 15. Na4 Qe7 16. Nc5 Nf6 17. h3 a5 18. Qb3 b6 19. Nd3 axb4 20. axb4 c5 21. bxc5 bxc5 22. dxc5 Bxc5 23. Nxc5 Qxc5 24. Rac1 Qa3 25. Qxa3 Rxa3 26. Rc7 Rb8 27. Rfc1 Ra2 28. Rc8+ 1/2-1/2

[Event "Ruhrgebiet VL1 0304"]
[Site "Ruhrgebiet"]
[Date "2003.12.07"]
[Round "4.8"]
[White "Jerig, Markus"]
[Black "Korber, Markus"]
[Result "0-1"]
[WhiteElo "1646"]
[BlackElo "1897"]
[PlyCount "102"]
[EventDate "2003.09.28"]
[EventType "team-tourn"]
[EventRounds "9"]
[EventCountry "GER"]
[SourceTitle "EXT 2007"]
[Source "ChessBase"]
[SourceDate "2006.11.23"]
[SourceVersion "1"]
[SourceVersionDate "2006.11.23"]
[SourceQuality "1"]
[WhiteTeam "Osterfeld"]
[BlackTeam "Steele/Kray Rochade"]
[WhiteTeamCountry "GER"]
[BlackTeamCountry "GER"]

1. c4 e5 2. Nc3 Nf6 3. d3 d5 4. cxd5 Nxd5 5. Nf3 Nc6 6. Qb3 Nb6 7. Bg5 Be7 8. Bxe7 Qxe7 9. g3 Be6 10. Qd1 0-0 11. Bg2 Rfd8 12. Qc1 f6 13. 0-0 Nd4 14. Re1 c6 15. Ne4 Nxf3+ 16. Bxf3 Bd5 17. Nd2 Rac8 18. b3 Bxf3 19. Nxf3 e4 20. dxe4 Qxe4 21. Nd2 Qd5 22. Nf1 Kf7 23. Rd1 Qxd1 24. Qxd1 Rxd1 25. Rxd1 Ke7 26. e4 c5 27. Ne3 a6 28. f4 Ke6 29. Kf2 c4 30. Nxc4 Nxc4 31. bxc4 Rxc4 32. Ke3 Rc2 33. Rd2 Rc3+ 34. Rd3 Rc2 35. Rd2 Rxd2 36. Kxd2 Kd6 37. Kd3 Kc5 38. h4 h6 39. g4 g5 40. e5 gxh4 41. exf6 Kd6 42. Ke3 Ke6 43. g5 hxg5 44. fxg5 Kf7 45. Kf4 Kg6 46. Kg4 b5 47. Kxh4 b4 48. Kg4 a5 49. Kf4 a4 50. Ke4 b3 51. axb3 a3 0-1